[Event "Spring TNM"]
[Site "San Francisco"]
[Date "2006.04.25"]
[Round "5"]
[White "Bayaraa, Bekhtur"]
[Black "Cheng, Andrew"]
[Result "0-1"]
[WhiteElo "1596"]
[BlackElo "1237"]
[PlyCount "56"]
[EventDate "2006.03.28"]
[EventType "swiss"]
[EventRounds "8"]
[EventCountry "USA"]

1. e4 e5 2. Nf3 Nc6 3. Be2 Nf6 4. d3 Be7 5. O-O O-O 6. Nbd2 d6 7. h3 b6 8. Re1
Bb7 9. Nf1 Qd7 10. Be3 d5 11. exd5 Nxd5 12. c3 Nxe3 13. fxe3 Rad8 14. d4 exd4
15. exd4 Bf6 16. Bb5 a6 17. Bxc6 Bxc6 18. Ne5 Bxe5 19. Rxe5 Rfe8 20. Rxe8+ Rxe8
21. Qd2 Re6 22. Re1 Rxe1 23. Qxe1 Qd5 24. Qg3 h5 25. Ne3 Qe4 26. Qe5 Qb1+ 27.
Kh2 Qxb2 28. Nf5 Qxg2# 0-1

[Event "Spring TNM"]
[Site "San Francisco"]
[Date "2006.04.25"]
[Round "5"]
[White "Braden, Brian"]
[Black "Chalissery, Jossy"]
[Result "0-1"]
[WhiteElo "1134"]
[BlackElo "1689"]
[PlyCount "72"]
[EventDate "2006.03.28"]
[EventType "swiss"]
[EventRounds "8"]
[EventCountry "USA"]

1. e4 d5 2. exd5 Qxd5 3. Nc3 Qa5 4. d3 Nf6 5. Nf3 c6 6. Bd2 Bf5 7. Ne4 Qc7 8.
Nxf6+ gxf6 9. Qe2 Nd7 10. g3 O-O-O 11. Bg2 e5 12. O-O-O Bc5 13. Bc3 Rhe8 14.
Qd2 Nb6 15. Bb4 Bxb4 16. Qxb4 Nd5 17. Qa3 Qb6 18. Rhf1 Be6 19. Ng1 Nb4 20. b3
Qc5 21. Kb1 Qxc2+ 22. Ka1 Qc3+ 23. Kb1 Nxd3 24. Ne2 Qc5 25. Qxc5 Nxc5 26. Rc1
Bf5+ 27. Ka1 Nd3 28. Rc3 Nb4 29. Kb2 Rd2+ 30. Ka3 Nc2+ 31. Ka4 Rxe2 32. Bxc6
bxc6 33. Rxc6+ Kb7 34. Rxf6 Bd7+ 35. Ka5 Re6 36. Rxf7 Ra6# 0-1

[Event "Spring TNM"]
[Site "San Francisco"]
[Date "2006.04.25"]
[Round "5"]
[White "Capdeville, Barry"]
[Black "Frank, Robert"]
[Result "1-0"]
[WhiteElo "1211"]
[BlackElo "1235"]
[PlyCount "35"]
[EventDate "2006.03.28"]
[EventType "swiss"]
[EventRounds "8"]
[EventCountry "USA"]

1. e4 e5 2. Nf3 Nc6 3. d4 exd4 4. Nxd4 Qh4 5. Nc3 Bb4 6. Be2 Bxc3+ 7. bxc3 Qxe4
8. O-O Nf6 9. Bf3 Qg6 10. Re1+ Ne7 11. Ne2 h5 12. Nf4 Qh7 13. c4 c6 14. Ba3
Nfg8 15. Qd6 Qh6 16. Rxe7+ Kd8 17. Re8+ Kxe8 18. Qf8# 1-0

[Event "Spring TNM"]
[Site "San Francisco"]
[Date "2006.04.25"]
[Round "5"]
[White "Carcar, Alex"]
[Black "Regan, Jack"]
[Result "0-1"]
[WhiteElo "1304"]
[BlackElo "1550"]
[PlyCount "78"]
[EventDate "2006.03.28"]
[EventType "swiss"]
[EventRounds "8"]
[EventCountry "USA"]

1. d4 Nf6 2. Bg5 Ne4 3. Bf4 d5 4. Nc3 Nxc3 5. bxc3 c6 6. e3 Nd7 7. c4 Qa5+ 8.
Qd2 Qxd2+ 9. Kxd2 dxc4 10. Bxc4 Nf6 11. Bd3 e6 12. h3 Nd5 13. a3 Nxf4 14. exf4
Be7 15. h4 O-O 16. Nf3 Rd8 17. Rhd1 b6 18. Ke1 Bb7 19. Kf1 c5 20. Be2 cxd4 21.
g3 Bf6 22. Ne5 Rac8 23. Bd3 Rc5 24. Ng4 Be7 25. Rd2 Rc3 26. a4 Ra3 27. Rxa3
Bxa3 28. f5 h5 29. Ne5 f6 30. Ng6 e5 31. Be2 Kh7 32. Bxh5 Be4 33. g4 Rc8 34. f4
Bd6 35. fxe5 fxe5 36. Re2 Bxc2 37. a5 Bd3 38. Kf2 Bxe2 39. Kxe2 bxa5 {
remainder illegible} 0-1

[Event "Spring TNM"]
[Site "San Francisco"]
[Date "2006.04.25"]
[Round "5"]
[White "Chan, John"]
[Black "Hoo, Jonathan Soo"]
[Result "1/2-1/2"]
[WhiteElo "1693"]
[BlackElo "1824"]
[PlyCount "107"]
[EventDate "2006.03.28"]
[EventType "swiss"]
[EventRounds "8"]
[EventCountry "USA"]

1. c4 Nf6 2. Nc3 g6 3. d4 Bg7 4. e4 d6 5. Be3 e5 6. dxe5 dxe5 7. Qxd8+ Kxd8 8.
f3 Nc6 9. Bg5 h6 10. O-O-O+ Nd4 11. Bxf6+ Bxf6 12. Nge2 Be6 13. b3 Ke7 14. Nxd4
exd4 15. Nd5+ Bxd5 16. exd5 c6 17. dxc6 bxc6 18. Bd3 c5 19. Rhe1+ Kd6 20. f4
Rae8 21. Be4 Bd8 22. b4 cxb4 23. Rxd4+ Kc5 24. Red1 Bf6 25. Rd5+ Kxc4 26. Bc2
b3 27. axb3+ Kb4 28. Rd7 Re2 29. Rxa7 Rc8 30. Ra4+ Kb5 31. Rd5+ Kc6 32. Rd2
Bb2+ 33. Kd1 Rxd2+ 34. Kxd2 Rd8+ 35. Bd3 Bc1+ 36. Kc2 Be3 37. h3 Kb6 38. Rc4
Bf2 39. g4 g5 40. f5 Bd4 41. Rb4+ Kc6 42. Be4+ Kc5 43. Rb7 Rf8 44. Kd3 Be5 45.
b4+ Kd6 46. Rb6+ Ke7 47. Bd5 Rb8 48. Rxb8 Bxb8 49. b5 f6 50. b6 Kd6 51. Be4 Ke5
52. Ke3 Bd6 53. Kf3 Kd4 54. b7 1/2-1/2

[Event "Spring TNM"]
[Site "San Francisco"]
[Date "2006.04.25"]
[Round "5"]
[White "Chernobilskiy, Mikhail"]
[Black "Rudyak, Felix"]
[Result "1-0"]
[WhiteElo "1763"]
[BlackElo "1932"]
[PlyCount "41"]
[EventDate "2006.03.28"]
[EventType "swiss"]
[EventRounds "8"]
[EventCountry "USA"]

1. d4 d5 2. c4 Nc6 3. Nc3 Nf6 4. Nf3 e6 5. Bf4 a6 6. e3 dxc4 7. Bxc4 b5 8. Bd3
Bb7 9. Rc1 Bd6 10. Ne5 Bxe5 11. dxe5 Nd7 12. Be4 Nc5 13. O-O b4 14. Bxc6+ Bxc6
15. Ne2 Qe7 16. Qc2 Bb5 17. Qxc5 Bxe2 18. Qxe7+ Kxe7 19. Rxc7+ Kd8 20. Rfc1 Bb5
21. Bg5+ 1-0

[Event "Spring TNM"]
[Site "San Francisco"]
[Date "2006.04.25"]
[Round "5"]
[White "Dembling, Arthur"]
[Black "Snyder, Larry"]
[Result "0-1"]
[WhiteElo "1674"]
[BlackElo "2045"]
[PlyCount "66"]
[EventDate "2006.03.28"]
[EventType "swiss"]
[EventRounds "8"]
[EventCountry "USA"]

1. e4 d5 2. exd5 Qxd5 3. Nc3 Qa5 4. d4 Nf6 5. Nf3 c6 6. Bc4 Bf5 7. Bd2 e6 8.
Qe2 Bb4 9. O-O-O Nbd7 10. a3 Bxc3 11. Bxc3 Qc7 12. Ne5 O-O 13. f3 Nd5 14. Bd2
b5 15. Bb3 Nxe5 16. dxe5 c5 17. g4 c4 18. Bxc4 Bxc2 19. Kxc2 bxc4 20. Qe1 Rfc8
21. Bc3 Rab8 22. Rd4 Rb3 23. Qd2 Nxc3 24. bxc3 Rcb8 25. Qc1 Qb7 26. Rxc4 Rb2+
27. Kd3 Qxf3+ 28. Qe3 Qxh1 29. Rb4 Qd1+ 30. Ke4 Qxg4+ 31. Kd3 Rd8+ 32. Rd4
Rxd4+ 33. cxd4 Rb3+ 0-1

[Event "Spring TNM"]
[Site "San Francisco"]
[Date "2006.04.25"]
[Round "5"]
[White "Dupree, Charles"]
[Black "Regan, Neil"]
[Result "0-1"]
[WhiteElo "1721"]
[BlackElo "1900"]
[PlyCount "22"]
[EventDate "2006.03.28"]
[EventType "swiss"]
[EventRounds "8"]
[EventCountry "USA"]

1. e4 c5 2. b4 d5 3. exd5 Qxd5 4. Nf3 cxb4 5. a3 Bg4 6. Be2 Bxf3 7. Bxf3 Qe5+
8. Qe2 Qxa1 9. Bxb7 Qxb1 10. O-O bxa3 11. Qg4 Qxb7 0-1

[Event "Spring TNM"]
[Site "San Francisco"]
[Date "2006.04.25"]
[Round "5"]
[White "Faulkner, Charles"]
[Black "Mar, Henry"]
[Result "0-1"]
[WhiteElo "1849"]
[BlackElo "1537"]
[PlyCount "44"]
[EventDate "2006.03.28"]
[EventType "swiss"]
[EventRounds "8"]
[EventCountry "USA"]

1. d4 e6 2. c4 d5 3. Nf3 Nf6 4. Bg5 Be7 5. e3 b6 6. Nc3 Ba6 7. Ne5 O-O 8. Qa4
Bb7 9. O-O-O h6 10. Bxf6 Bxf6 11. f4 c6 12. g4 Bh4 13. Bg2 Bf2 14. Kd2 dxc4 15.
Qxc4 b5 16. Qc5 Na6 17. Qa3 b4 18. Nxc6 bxa3 19. Nxd8 Bxg2 20. Nxe6 fxe6 21.
Ke2 Bxh1 22. Rxh1 Bh4 0-1

[Event "Spring TNM"]
[Site "San Francisco"]
[Date "2006.04.25"]
[Round "5"]
[White "Gurtovoy, Jason"]
[Black "Whalley, Martin"]
[Result "1-0"]
[WhiteElo "1698"]
[BlackElo "1818"]
[PlyCount "50"]
[EventDate "2006.03.28"]
[EventType "swiss"]
[EventRounds "8"]
[EventCountry "USA"]

1. d4 Nf6 2. Nc3 g6 3. e4 d6 4. f3 Bg7 5. Be3 Nbd7 6. Qd2 O-O 7. Nge2 Re8 8.
O-O-O e5 9. g4 exd4 10. Nxd4 Ne5 11. Be2 a6 12. h4 Nexg4 13. fxg4 Nxe4 14. Nxe4
Rxe4 15. Bf3 Rxg4 16. Bxg4 Bxg4 17. Rdf1 Qd7 18. Qg2 Re8 19. Bf2 c5 20. Nf3 Qb5
21. b3 Qb4 22. Kb1 Qc3 23. Nd4 cxd4 24. Be1 Qc8 25. Rf4 Bd7 1-0

[Event "Spring TNM"]
[Site "San Francisco"]
[Date "2006.04.25"]
[Round "5"]
[White "Jones, Ian"]
[Black "Rich, Albert"]
[Result "0-1"]
[WhiteElo "1808"]
[BlackElo "2262"]
[PlyCount "64"]
[EventDate "2006.03.28"]
[EventType "swiss"]
[EventRounds "8"]
[EventCountry "USA"]

1. e4 Nc6 2. d4 d5 3. e5 Bf5 4. Ne2 e6 5. Ng3 Nge7 6. Be3 Qd7 7. c4 dxc4 8.
Bxc4 O-O-O 9. Bb5 Qd5 10. Bxc6 Nxc6 11. O-O Nxd4 12. Bxd4 Qxd4 13. Qxd4 Rxd4
14. Nxf5 exf5 15. Nc3 Bc5 16. Rad1 Rhd8 17. Rfe1 Rxd1 18. Nxd1 Rd2 19. Kf1 Bd4
20. g3 Kd7 21. a3 Bxb2 22. Nxb2 Rxb2 23. Kg2 Ra2 24. Re3 Ke6 25. Kf3 g5 26. h3
c5 27. Kg2 c4 28. Kf1 b5 29. f4 h6 30. Ke1 Rh2 31. Kf1 Rxh3 32. Kg2 gxf4 0-1

[Event "Spring TNM"]
[Site "San Francisco"]
[Date "2006.04.25"]
[Round "5"]
[White "Ladyzhensky, Boris"]
[Black "Hilliard, Michael"]
[Result "1-0"]
[WhiteElo "1733"]
[BlackElo "1413"]
[PlyCount "77"]
[EventDate "2006.03.28"]
[EventType "swiss"]
[EventRounds "8"]
[EventCountry "USA"]

1. e4 c6 2. d4 d5 3. exd5 cxd5 4. c4 Nf6 5. cxd5 Nxd5 6. Bc4 e6 7. Nf3 Bb4+ 8.
Bd2 Nc6 9. a3 Ba5 10. O-O O-O 11. Ba2 Bb6 12. Bg5 Qd7 13. Nc3 Bd8 14. Ne4 b6
15. Rc1 Bb7 16. Bb1 Nde7 17. Bxe7 Bxe7 18. Qd3 g6 19. b4 Rad8 20. Rfd1 Rfe8 21.
b5 Na5 22. Ne5 Qd5 23. Qh3 Rf8 24. Nc3 Qd6 25. Qh6 Nb3 26. Nxg6 f5 27. Nxf8
Bxf8 28. Qg5+ Bg7 29. Rc2 Rc8 30. d5 Kh8 31. dxe6 Qxe6 32. Re2 Qg6 33. Qxg6
hxg6 34. Na2 Nd4 35. Red2 Rd8 36. h4 Rd6 37. Nb4 Be5 38. Nc6 Bf4 39. Rxd4 1-0

[Event "Spring TNM"]
[Site "San Francisco"]
[Date "2006.04.25"]
[Round "5"]
[White "Lupton, Stephen"]
[Black "Litowsky, Dan"]
[Result "0-1"]
[WhiteElo "1349"]
[BlackElo "1700"]
[PlyCount "126"]
[EventDate "2006.03.28"]
[EventType "swiss"]
[EventRounds "8"]
[EventCountry "USA"]

1. e4 e5 2. Bc4 Nf6 3. d3 Nc6 4. Nc3 d6 5. f4 Be7 6. f5 O-O 7. Be3 a6 8. Nd5
Nxd5 9. Bxd5 Nb4 10. Bb3 a5 11. c3 Nc6 12. Nh3 b5 13. a3 Bf6 14. O-O Ne7 15.
Qg4 d5 16. Bc5 c6 17. Rad1 Kh8 18. d4 exd4 19. Bxd4 Bxd4+ 20. Rxd4 c5 21. Rd2
c4 22. Bc2 f6 23. Nf4 Qb6+ 24. Kh1 Rd8 25. exd5 Qc5 26. Ne6 Bxe6 27. fxe6 Rxd5
28. Qe4 f5 29. Rxd5 Qxd5 30. Qxd5 Nxd5 31. Rxf5 Rd8 32. Rf2 Re8 33. Be4 Nf6 34.
Bf5 Kg8 35. Re2 Kf8 36. e7+ Rxe7 37. Rxe7 Kxe7 38. Bc8 Kd6 39. Kg1 Nd5 40. Bb7
Ne3 41. Bf3 g6 42. Kf2 Nf5 43. Be4 Ne7 44. a4 bxa4 45. Bc2 a3 46. bxa3 Nd5 {
Here apparently W made an illegal move, 47 Ke3, followed by 47 ... Nxc3. Since
these moves cannot be entered in ChessBase, a sequence of legal moves 47-50
has been substituted; these result in the same position.} 47. Ke2 Nxc3+ 48. Ke3
Ke6 49. Kd4 Kd7 50. Ke3 Kd6 {
End of substituted moves; this was the game position.} 51. Kd4 Nb5+ 52. Kxc4
Nxa3+ 53. Kb3 Nxc2 54. Kxc2 Ke5 55. Kb3 Ke4 56. Ka4 Ke3 57. Kxa5 Kf2 58. g4 Kf3
59. g5 Kg4 60. Kb4 Kxg5 61. Kc4 Kg4 62. h4 Kxh4 63. Kd3 Kg3 0-1

[Event "Spring TNM"]
[Site "San Francisco"]
[Date "2006.04.25"]
[Round "5"]
[White "Moore, Randolph"]
[Black "Naroditsky, Daniel"]
[Result "0-1"]
[WhiteElo "1508"]
[BlackElo "1944"]
[PlyCount "54"]
[EventDate "2006.03.28"]
[EventType "swiss"]
[EventRounds "8"]
[EventCountry "USA"]

1. d4 Nf6 2. Nc3 d5 3. Bg5 Bf5 4. f3 c6 5. Bxf6 exf6 6. e4 Be6 7. Qe2 Bb4 8.
exd5 Bxc3+ 9. bxc3 Qxd5 10. Qe4 Qa5 11. Ne2 O-O 12. Kf2 Nd7 13. Ng3 Qxc3 14.
Bd3 Qd2+ 15. Kg1 g6 16. Nf1 Qc3 17. Rb1 Bf5 18. Qh4 Bxd3 19. cxd3 b6 20. Rd1
Rae8 21. Qf2 c5 22. dxc5 Nxc5 23. d4 Nd3 24. Qh4 g5 25. Qg4 h5 26. Rxd3 Qxd3
27. Qg3 Qxd4+ 0-1

[Event "Spring TNM"]
[Site "San Francisco"]
[Date "2006.04.25"]
[Round "5"]
[White "Nochomovitz, Yigal"]
[Black "Traub, Igor"]
[Result "1-0"]
[WhiteElo "1826"]
[BlackElo "2076"]
[PlyCount "33"]
[EventDate "2006.03.28"]
[EventType "swiss"]
[EventRounds "8"]
[EventCountry "USA"]

1. f4 d5 2. Nf3 Nf6 3. e3 Bg4 4. Be2 c5 5. O-O Nc6 6. d3 e6 7. Qe1 Be7 8. Nc3
Nb4 9. Bd1 d4 10. Ne4 dxe3 11. Bxe3 Nbd5 12. Bd2 Qb6 13. c4 Nb4 14. Ba4+ Kf8
15. Ne5 Bf5 16. Nxf6 Qd6 17. Ned7+ 1-0

[Event "Spring TNM"]
[Site "San Francisco"]
[Date "2006.04.25"]
[Round "5"]
[White "Olsen, Lance"]
[Black "Gray, William"]
[Result "0-1"]
[WhiteElo "903"]
[BlackElo "2022"]
[PlyCount "68"]
[EventDate "2006.03.28"]
[EventType "swiss"]
[EventRounds "8"]
[EventCountry "USA"]

1. e4 c5 2. Nf3 d6 3. d4 cxd4 4. Nxd4 Nf6 5. Nc3 e6 6. Bg5 Be7 7. Bd3 Nc6 8.
Nde2 O-O 9. O-O Qa5 10. f4 e5 11. Bxf6 Bxf6 12. f5 Ne7 13. Bc4 Qc5+ 14. Kh1
Qxc4 15. Qxd6 Qc6 16. Rad1 Qxd6 17. Rxd6 b6 18. g4 Ba6 19. Rg1 h6 20. Ng3 Rad8
21. Rxd8 Rxd8 22. Rg2 Bg5 23. Rf2 Be3 24. Rf3 Bc1 25. b3 Rd2 26. f6 gxf6 27.
Rxf6 Rxc2 28. Nd5 Nxd5 29. exd5 Bb7 30. Rd6 Bf4 31. Rd7 Bc8 32. Rd8+ Kh7 33.
Nh5 Bg5 34. Rf8 Bxg4 0-1

[Event "Spring TNM"]
[Site "San Francisco"]
[Date "2006.04.25"]
[Round "5"]
[White "Ossipov, Victor"]
[Black "Sherwood, Peter"]
[Result "1-0"]
[WhiteElo "2135"]
[BlackElo "1755"]
[PlyCount "99"]
[EventDate "2006.03.28"]
[EventType "swiss"]
[EventRounds "8"]
[EventCountry "USA"]

1. d4 d5 2. Nf3 Nf6 3. Bf4 c5 4. e3 Nc6 5. c3 Qb6 6. Qb3 c4 7. Qxb6 axb6 8. Na3
e6 9. Nb5 Ra5 10. Nd6+ Bxd6 11. Bxd6 Ne4 12. Bc7 O-O 13. Nd2 Nxd2 14. Kxd2 Re8
15. a4 Ra6 16. Be2 Re7 17. Bd6 Re8 18. b4 Ra8 19. Bc7 Bd7 20. Bxb6 Ne7 21. a5
Nc8 22. Bc7 Na7 23. f3 Nb5 24. Bb6 Bc6 25. Bd1 Ra6 26. Bc2 f5 27. g4 g6 28.
Rhg1 Kf7 29. Rg3 Raa8 30. h4 Kf6 31. Rag1 Nd6 32. Bc7 Ke7 33. Bxd6+ Kxd6 34.
gxf5 exf5 35. h5 Bd7 36. hxg6 hxg6 37. Rxg6+ Kc7 38. Rg7 Kd8 39. Rxd7+ Kxd7 40.
Ba4+ Ke6 41. Rg6+ Kf7 42. Bxe8+ Rxe8 43. Rb6 Re7 44. b5 Ke8 45. a6 bxa6 46.
bxa6 Ra7 47. e4 fxe4 48. fxe4 dxe4 49. Ke3 Kd7 50. Rb7+ 1-0

[Event "Spring TNM"]
[Site "San Francisco"]
[Date "2006.04.25"]
[Round "5"]
[White "Penoyer, Flyn"]
[Black "Grey, Peter"]
[Result "1/2-1/2"]
[WhiteElo "1800"]
[BlackElo "2000"]
[PlyCount "29"]
[EventDate "2006.03.28"]
[EventType "swiss"]
[EventRounds "8"]
[EventCountry "USA"]

1. d4 Nf6 2. Nc3 d5 3. Bg5 Nbd7 4. Nf3 g6 5. g3 Bg7 6. Bg2 c6 7. O-O O-O 8. Qc1
Qe8 9. Bh6 e5 10. Bxg7 Kxg7 11. Nxe5 Nxe5 12. dxe5 Qxe5 13. e3 Qh5 14. Qd1 Qxd1
15. Raxd1 1/2-1/2

[Event "Spring TNM"]
[Site "San Francisco"]
[Date "2006.04.25"]
[Round "5"]
[White "Russell, Joe"]
[Black "Sainz, Guadalupe"]
[Result "1/2-1/2"]
[WhiteElo "1529"]
[BlackElo "1774"]
[PlyCount "98"]
[EventDate "2006.03.28"]
[EventType "swiss"]
[EventRounds "8"]
[EventCountry "USA"]

1. e4 c5 2. Nf3 d6 3. d4 cxd4 4. Nxd4 Nf6 5. Nc3 a6 6. Be2 b5 7. a3 e5 8. Nb3
Be7 9. O-O O-O 10. Be3 Be6 11. Kh1 Nbd7 12. f4 Bc4 13. Nd2 d5 14. exd5 Bxd5 15.
Nxd5 Nxd5 16. Bg1 Nxf4 17. Bf3 Rb8 18. Nb3 Qc7 19. Be3 Ng6 20. Be4 Rbd8 21. Qe2
Nf6 22. Bf5 Bd6 23. Bd2 Qb8 24. Ba5 Bc7 25. Bb4 Rfe8 26. Nc5 Nf4 27. Qf3 Qa7
28. g3 Ng6 29. Ne4 Nxe4 30. Bxe4 Bb6 31. Bd5 Nh8 32. a4 Bc5 33. Bxc5 Qxc5 34.
Bxf7+ Nxf7 35. Qxf7+ Kh8 36. axb5 axb5 37. Qf2 Qd5+ 38. Kg1 Qd4 39. Qxd4 Rxd4
40. Ra5 Rb4 41. Ra2 Kg8 42. c3 Re4 43. Ra5 b4 44. Ra4 Rb8 45. cxb4 Rexb4 46.
Rxb4 Rxb4 47. Rf2 h5 48. Rf5 Rxb2 49. Rxe5 g6 1/2-1/2

[Event "Spring TNM"]
[Site "San Francisco"]
[Date "2006.04.25"]
[Round "5"]
[White "Samatra, Mario"]
[Black "Salvo, Tab"]
[Result "0-1"]
[WhiteElo "1914"]
[BlackElo "1736"]
[PlyCount "49"]
[EventDate "2006.03.28"]
[EventType "swiss"]
[EventRounds "8"]
[EventCountry "USA"]

1. e4 d6 2. c4 Nf6 3. Nc3 g6 4. d4 Bg7 5. f4 Bg4 6. Nf3 O-O 7. Be2 Nbd7 8. O-O
c5 9. Be3 b6 10. Qd2 Rc8 11. b3 cxd4 12. Bxd4 Nc5 13. Qe3 Re8 14. Rfe1 Qc7 15.
e5 Nfd7 16. Nd5 Qb8 17. Ng5 Bxe2 18. Qxe2 h6 19. Nxf7 Kxf7 20. e6+ Nxe6 21.
Bxg7 Nxg7 22. f5 g5 23. h4 Ne5 24. hxg5 hxg5 25. f6 {remainder illegible} 0-1

[Event "Spring TNM"]
[Site "San Francisco"]
[Date "2006.04.25"]
[Round "5"]
[White "Shaknazarov, Oleg"]
[Black "Margulis, Igor"]
[Result "0-1"]
[WhiteElo "2177"]
[BlackElo "2227"]
[PlyCount "63"]
[EventDate "2006.03.28"]
[EventType "swiss"]
[EventRounds "8"]
[EventCountry "USA"]

1. e4 e5 2. Nf3 d5 3. Nxe5 Bd6 4. d4 dxe4 5. Nc4 Nf6 6. Be2 Nc6 7. c3 O-O 8.
Nxd6 Qxd6 9. O-O Re8 10. Na3 Nd5 11. Nb5 Qg6 12. Bh5 Qf5 13. c4 Nf6 14. Be2 Rd8
15. Be3 Qg6 16. Kh1 Bf5 17. Nxc7 Rac8 18. Nb5 a6 19. Nc3 Ne5 20. Nd5 Nxd5 21.
cxd5 Nd3 22. Qb3 b5 23. g4 Bxg4 24. Rg1 Bxe2 25. Rxg6 hxg6 26. h3 Rd6 27. Qa3
b4 28. Qa5 Rcd8 29. Kh2 Rxd5 30. Qxa6 Rh5 31. Qc6 Rdd5 32. Rg1 {
remainder illegible} 0-1

[Event "Spring TNM"]
[Site "San Francisco"]
[Date "2006.04.25"]
[Round "5"]
[White "Shankland, Sam"]
[Black "Drane, Robert"]
[Result "1-0"]
[WhiteElo "2106"]
[BlackElo "1831"]
[PlyCount "61"]
[EventDate "2006.03.28"]
[EventType "swiss"]
[EventRounds "8"]
[EventCountry "USA"]

1. e4 Nf6 2. e5 Nd5 3. Nc3 Nxc3 4. dxc3 d6 5. Nf3 g6 6. Bc4 Bg7 7. h4 e6 8. Bg5
f6 9. exf6 Bxf6 10. Qe2 Qe7 11. O-O-O Nc6 12. Rde1 e5 13. Bxf6 Qxf6 14. Ng5 h6
15. Ne4 Qe7 16. Qf3 Rf8 17. Qe3 h5 18. Bd5 Be6 19. Bxc6+ bxc6 20. f3 Kd7 21. b3
a5 22. a4 Bf5 23. Ng5 Rfe8 24. Kb2 Rab8 25. c4 Qf6 26. Qc3 Rb4 27. f4 Reb8 28.
fxe5 dxe5 29. Rxe5 Qh8 30. Rhe1 Bxc2 31. Qd4+ 1-0

[Event "Spring TNM"]
[Site "San Francisco"]
[Date "2006.04.25"]
[Round "5"]
[White "Standen, Julian"]
[Black "Barrera, Jorge"]
[Result "0-1"]
[WhiteElo "1707"]
[BlackElo "1409"]
[PlyCount "78"]
[EventDate "2006.03.28"]
[EventType "swiss"]
[EventRounds "8"]
[EventCountry "USA"]

1. d4 Nf6 2. Nf3 e6 3. Bg5 Be7 4. Nbd2 d5 5. e3 O-O 6. Bd3 c5 7. c3 c4 8. Bc2
a5 9. O-O Nc6 10. Ne5 Qc7 11. f4 b5 12. Rf3 g6 13. h4 h5 14. g3 Nxe5 15. fxe5
Ng4 16. Bxe7 Qxe7 17. Qe2 f5 18. exf6 Rxf6 19. Raf1 Kg7 20. Rxf6 Nxf6 21. Nf3
Ne4 22. Bxe4 dxe4 23. Ng5 Bb7 24. Rf7+ Qxf7 25. Nxf7 Kxf7 26. Qf2+ Kg7 27. Qf4
Bd5 28. Qe5+ Kh7 29. Qf6 Ra7 30. Kh2 a4 31. a3 Rb7 32. Kh3 Bc6 33. g4 Be8 34.
gxh5 gxh5 35. Qxe6 Bd7 36. Qxd7+ Rxd7 37. Kg3 Rf7 38. d5 Kg7 39. d6 Kf8 0-1

[Event "Spring TNM"]
[Site "San Francisco"]
[Date "2006.04.25"]
[Round "5"]
[White "Starr, Albert"]
[Black "Naroditsky, Alan"]
[Result "0-1"]
[WhiteElo "1516"]
[BlackElo "1658"]
[PlyCount "104"]
[EventDate "2006.03.28"]
[EventType "swiss"]
[EventRounds "8"]
[EventCountry "USA"]

1. b4 d5 2. e3 e5 3. b5 Nf6 4. Bb2 Bd6 5. Nf3 Nbd7 6. Be2 c6 7. a4 Qc7 8. g3
O-O 9. O-O Nc5 10. d3 Bh3 11. Re1 Ne6 12. Nbd2 Rad8 13. Ra2 e4 14. Nd4 c5 15.
Nxe6 fxe6 16. Bf1 Bg4 17. Qa1 exd3 18. cxd3 Nh5 19. f4 Bf5 20. Nf3 Nf6 21. Be5
Bxe5 22. Qxe5 Qa5 23. Rc1 Rfe8 24. Qc3 Qxc3 25. Rxc3 Nd7 26. h3 e5 27. g4 Be6
28. d4 cxd4 29. exd4 exf4 30. Ng5 Nf8 31. Nxe6 Nxe6 32. Rd2 Ng5 33. Re2 Rxe2
34. Bxe2 Re8 35. Bf1 Ne6 36. Bg2 Rd8 37. Rd3 Ng5 38. h4 Ne4 39. Rf3 Rf8 40. g5
h6 41. g6 h5 42. Bh3 Rf6 43. Kh2 Nd2 44. Rc3 Nc4 45. Bc8 Nd6 46. Rc5 f3 47. Kg1
f2+ 48. Kf1 Ne4 49. Be6+ Kf8 50. Rc8+ Ke7 51. Bh3 Ng3+ 52. Kg2 f1=Q+ 0-1

[Event "Spring TNM"]
[Site "San Francisco"]
[Date "2006.04.25"]
[Round "5"]
[White "Tserendorj, Batsaikhan"]
[Black "Purcell, Brendan"]
[Result "0-1"]
[WhiteElo "2153"]
[BlackElo "1891"]
[PlyCount "71"]
[EventDate "2006.03.28"]
[EventType "swiss"]
[EventRounds "8"]
[EventCountry "USA"]

1. e4 c5 2. Nc3 Nc6 3. g3 g6 4. Bg2 Bg7 5. d3 e5 6. Be3 d6 7. h4 h5 8. Nh3 Nge7
9. Qd2 Rb8 10. f4 Bg4 11. Nf2 Be6 12. Ncd1 O-O 13. f5 gxf5 14. Bh6 Ng6 15. Bxg7
Kxg7 16. Bf3 Rh8 17. Ne3 Nd4 18. Qd1 f4 19. gxf4 exf4 20. Nf5+ Bxf5 21. exf5
Nxf5 22. Bd5 Ne3 23. Qf3 Nxc2+ 24. Kd2 Nxa1 25. Ne4 Qb6 26. Kc1 c4 27. Re1 cxd3
28. Qxd3 Rbc8+ 29. Nc3 Rhe8 30. Be4 f5 31. Kb1 fxe4 32. Nxe4 Nc2 33. Rd1 Qe3
34. Qxd6 Qxe4 35. Qd7+ Kh6 36. Qh7+ 0-1

[Event "Spring TNM"]
[Site "San Francisco"]
[Date "2006.04.25"]
[Round "5"]
[White "Wilkerson, Max"]
[Black "Tuvshintugs, Batchimeg"]
[Result "0-1"]
[WhiteElo "1900"]
[BlackElo "2271"]
[PlyCount "110"]
[EventDate "2006.03.28"]
[EventType "swiss"]
[EventRounds "8"]
[EventCountry "USA"]

1. d4 Nf6 2. Nf3 g6 3. c4 Bg7 4. Nc3 d5 5. e3 O-O 6. Be2 c6 7. O-O Ne4 8. Qb3
dxc4 9. Bxc4 Nd6 10. Be2 Bf5 11. Ne5 Nd7 12. f4 Be6 13. Qc2 Bf5 14. Qb3 Be6 15.
Qc2 Nxe5 16. fxe5 Ne8 17. Ne4 Bf5 18. Bd3 Rc8 19. b4 Bxe4 20. Bxe4 Nc7 21. Bd2
Nd5 22. Rad1 b6 23. Qb3 Kh8 24. b5 e6 25. bxc6 Rxc6 26. Qa4 Qd7 27. Qa3 Kg8 28.
Bd3 Rc7 29. e4 Ne7 30. Be3 Rfc8 31. Ba6 Rb8 32. Qb2 b5 33. a4 b4 34. Qf2 Rf8
35. Bb5 Qc8 36. Bg5 Nc6 37. Bxc6 Rxc6 38. Be7 Rc2 39. Qf4 b3 40. Bxf8 Qxf8 41.
Rb1 b2 42. g4 Qe7 43. g5 Qc7 44. h4 Qd7 45. Rbd1 Bf8 46. Rd2 Rxd2 47. Qxd2 Bc5
48. Rd1 Bxd4+ 49. Kg2 Qxa4 50. Rb1 Bxe5 51. Qd3 a5 52. Rf1 Qb4 53. Qf3 Qb7 54.
Qd3 a4 55. Kf3 a3 0-1

[Event "Spring TNM"]
[Site "San Francisco"]
[Date "2006.04.25"]
[Round "5"]
[White "Wong, Russell"]
[Black "Todortsev, Victor"]
[Result "1-0"]
[WhiteElo "2200"]
[BlackElo "1961"]
[PlyCount "95"]
[EventDate "2006.03.28"]
[EventType "swiss"]
[EventRounds "8"]
[EventCountry "USA"]

1. e4 c5 2. Nf3 d6 3. d4 cxd4 4. Nxd4 Nf6 5. Nc3 Nc6 6. Be2 e5 7. Nb3 a5 8. Bg5
a4 9. Nd2 Be7 10. Nc4 Nd4 11. Ne3 O-O 12. O-O Be6 13. Bxf6 Bxf6 14. Ncd5 Bg5
15. c3 Nxe2+ 16. Qxe2 Bxe3 17. Nxe3 Qb6 18. Rad1 Rad8 19. Nd5 Bxd5 20. Rxd5 f5
21. exf5 Rxf5 22. Rfd1 Rf6 23. R1d2 Rdf8 24. h3 h5 25. Qc4 R8f7 26. Kh2 g5 27.
Qd3 Qc7 28. f3 h4 29. Kh1 a3 30. bxa3 Qb6 31. Rxd6 Rxd6 32. Qxd6 Qb1+ 33. Rd1
Qf5 34. Re1 e4 35. Rxe4 Rd7 36. Qe6+ Qxe6 37. Rxe6 Kf7 38. Rb6 Rc7 39. a4 Rxc3
40. Rxb7+ Ke6 41. Rb3 Rc1+ 42. Kh2 Rc5 43. Rb5 Rc4 44. Rxg5 Rxa4 45. Rg4 Rxa2
46. Rxh4 Kf7 47. Kg3 Kg6 48. f4 {remainder illegible} 1-0